Lions: zoobooks / (Record no. 110148)
[ view plain ]
| 000 -LEADER | |
|---|---|
| fixed length control field | 00531nam a2200193 a 4500 |
| 001 - CONTROL NUMBER | |
| control field | 2253 |
| 005 - DATE AND TIME OF LATEST TRANSACTION | |
| control field | 20140414131850.0 |
| 008 - FIXED-LENGTH DATA ELEMENTS--GENERAL INFORMATION | |
| fixed length control field | 010417s19uu xx 00 eng d |
| 020 ## - INTERNATIONAL STANDARD BOOK NUMBER | |
| International Standard Book Number | 0-937934-42-9 |
| 050 ## - LIBRARY OF CONGRESS CALL NUMBER | |
| Classification number | M 591 |
| Item number | W37 1989 |
| 100 ## - MAIN ENTRY--PERSONAL NAME | |
| Personal name | Wexo, John Bonnett |
| 245 ## - TITLE STATEMENT | |
| Title | Lions: zoobooks / |
| Statement of responsibility, etc | John Bonnett Wexo. |
| 260 ## - PUBLICATION, DISTRIBUTION, ETC. (IMPRINT) | |
| Place of publication, distribution, etc | San Diego, California : |
| Name of publisher, distributor, etc | Wildlife Education, |
| Date of publication, distribution, etc | 1989. |
| 300 ## - PHYSICAL DESCRIPTION | |
| Extent | 16 p. : ill. ; cm. |
| 440 ## - SERIES STATEMENT/ADDED ENTRY--TITLE | |
| Title | Zoobooks |
| 500 ## - GENERAL NOTE | |
| General note | June 1989 Volume Siux Number Nine |
| 650 ## - SUBJECT ADDED ENTRY--TOPICAL TERM | |
| Topical term or geographic name as entry element | Lions. |
| Withdrawn status | Lost status | Damaged status | Use restrictions | Home library | Current library | Shelving location | Date acquired | Source of acquisition | Total Checkouts | Full call number | Barcode | Date last seen | Price effective from | Koha item type |
|---|---|---|---|---|---|---|---|---|---|---|---|---|---|---|
| Munich Library | Munich Library | Main Section | 05/26/2005 | M 591 W37 1989 | M0447 | 04/14/2014 | 04/14/2014 | Books |